Les 10 titres les plus écoutés de Lorenzo - Statistiques

Statistiques générales
  • Ce quiz a été pris 177 fois
  • Le résultat moyen est 5 sur 10
Statistiques - réponses
Nombre de streams Reponse % Correct
13 millions Coco
85%
16,5 millions Fume à fond
81%
11 millions Carton rouge
67%
15 millions Nique la BAC
62%
10 millions Je vous déteste tous
52%
12 millions Damdamdeo
47%
8,6 millions Tu le C
47%
6,8 millions La Kush
41%
4,5 millions Nous deux
36%
9 millions Bizzare
12%
Aucun quiz correspondant
Distribution des résultats
% des personnes avec chaque résultat
Percentile par nombre de réponses
Votre historique - résultats
Vous n’avez pas pris ce quiz